|
|
|
|
| LEADER |
00731naa a2200205 i 4500 |
| 001 |
misc29906 |
| 005 |
20200430142014.0 |
| 008 |
180406s1990 hu o 0|| hun d |
| 020 |
|
|
|a 963-481-831-5
|
| 022 |
|
|
|a 0230-8495
|
| 040 |
|
|
|a SZTE Miscellanea Repozitórium
|b hun
|
| 041 |
|
|
|a hun
|
| 100 |
1 |
|
|a Keveházi Katalin
|
| 245 |
1 |
2 |
|a A Csongrád Megyei Levéltár ferences kódexe
|h [elektronikus dokumentum] /
|c Keveházi Katalin
|
| 260 |
|
|
|c 1990
|
| 300 |
|
|
|a 65-82
|
| 490 |
0 |
|
|a Adattár XVI-XVIII. századi szellemi mozgalmaink történetéhez
|v 10
|
| 695 |
|
|
|a Ferences rend története, Kódex - magyar - 17. sz.
|
| 700 |
0 |
1 |
|a Monok István
|e aut
|
| 856 |
4 |
0 |
|u http://misc.bibl.u-szeged.hu/29906/1/ad_010_065-082.pdf
|z Dokumentum-elérés
|